Solid state electronic devices (Record no. 490602)

000 -LEADER
fixed length control field 00369nam a22001577a 4500
020 ## - INTERNATIONAL STANDARD BOOK NUMBER
International Standard Book Number 9781292060552
082 ## - DEWEY DECIMAL CLASSIFICATION NUMBER
Classification number 621.38152 STR
100 ## - MAIN ENTRY--PERSONAL NAME
Personal name Streerman . Ben G
245 ## - TITLE STATEMENT
Title Solid state electronic devices
250 ## - EDITION STATEMENT
Edition statement 7th
260 ## - PUBLICATION, DISTRIBUTION, ETC.
Place of publication, distribution, etc. Boston
Name of publisher, distributor, etc. Pearson
Date of publication, distribution, etc. 2016
300 ## - PHYSICAL DESCRIPTION
Extent 616
Other physical details P.B
650 ## - SUBJECT ADDED ENTRY--TOPICAL TERM
Topical term or geographic name entry element Solid State
700 ## - ADDED ENTRY--PERSONAL NAME
Personal name Ben G Streerman
942 ## - ADDED ENTRY ELEMENTS (KOHA)
Koha item type Book
Holdings
Withdrawn status Lost status Damaged status Not for loan Collection code Permanent Location Current Location Shelving location Date acquired Source of acquisition Cost, normal purchase price Total Checkouts Total Renewals Full call number Barcode Date last seen Date last checked out Price effective from Koha item type
          Central Library (CL) Central Library (CL) General Stacks 01/04/2017 Allied book company 10065.12 1 6 621.38152 STR SEECS013634 01/26/2026 09/22/2025 01/04/2017 Book
© 2023 Central Library, National University of Sciences and Technology. All Rights Reserved.